000 00690nam a2200241Ia 4500
003 OSt
005 20220923220935.0
006 a|||||r|||| 00| 0
007 ta
008 220922b |||||||| |||| 00| 0 hin d
024 _a192,508
037 _cTextual
040 _aARTS
_cARTS
_bhin
041 _2hin
_ahin
082 _aU8, 152K1
100 _aरघुवंश
245 0 _aहरी घाटी
246 _aHarī ghāṭī
260 _c1961
490 _aज्ञानपीठ लोकोदय ग्रंथमाला हिंदी ग्रंथाक; 126
942 _hU8, 152K1
_cTEXL
_2CC
999 _c345109
_d345109